[Event "4NCL/Div1/MM-SLO1"]
[Site "Birmingham ENG"]
[Date "2002.??.??"]
[Round "10.2"]
[White "McNab, Colin A"]
[Black "Williams, Simon K"]
[Result "0-1"]
[WhiteElo "2411"]
[BlackElo "2423"]
[PlyCount "82"]
[EventDate "2002.??.??"]
[SourceDate "2001.01.01"]

1. c4 f5 2. Nf3 Nf6 3. g3 e6 4. Bg2 Be7 5. b3 Ne4 6. Bb2 Bf6 7. Qc1 O-O 8. d3
Bxb2 9. Qxb2 Nf6 10. Nbd2 d6 11. d4 a5 12. O-O Nc6 13. Rad1 Qe8 14. c5 dxc5 15.
dxc5 Qe7 16. Ne5 Nxe5 17. Qxe5 Ng4 18. Qc3 e5 19. c6 b6 20. Nc4 e4 21. f3 Nf6
22. Qe5 Qxe5 23. Nxe5 Ba6 24. Rfe1 Rad8 25. fxe4 Rxd1 26. Rxd1 Re8 27. Nd7 Nxe4
28. Rd5 Nc3 29. Rxf5 Nxe2+ 30. Kf2 Nc3 31. a4 Bd3 32. Rg5 Re2+ 33. Kg1 Re1+ 34.
Kf2 Re2+ 35. Kg1 h6 36. Rg4 Re1+ 37. Kf2 Re2+ 38. Kg1 Rb2 39. Nf6+ Kf7 40. Nd5
Ne2+ 41. Kf2 Bf5 0-1

[Event "4NCL/Div1/MM-SLO1"]
[Site "Birmingham ENG"]
[Date "2002.??.??"]
[Round "10.3"]
[White "Ledger, Andrew J"]
[Black "Kiseleva, Natalia"]
[Result "1-0"]
[WhiteElo "2395"]
[BlackElo "2373"]
[PlyCount "103"]
[EventDate "2002.??.??"]
[SourceDate "2001.01.01"]

1. Nf3 Nf6 2. g3 g6 3. c4 Bg7 4. Bg2 O-O 5. O-O d6 6. Nc3 e5 7. d3 h6 8. Rb1 a5
9. a3 Re8 10. e3 c6 11. b4 axb4 12. axb4 d5 13. Qb3 e4 14. Nd4 dxc4 15. dxc4
Nbd7 16. c5 Nf8 17. Bb2 Ne6 18. Rbd1 Qe7 19. h3 h5 20. Rfe1 Ng5 21. Kh2 h4 22.
Nce2 hxg3+ 23. fxg3 Nf3+ 24. Nxf3 exf3 25. Bxf3 Be6 26. Qd3 Ra2 27. Bd4 Bf5 28.
Qc4 Rea8 29. g4 Be4 30. Bxf6 Qc7+ 31. Rd6 Bxf3 32. Bxg7 Kxg7 33. Kg3 Bd5 34.
Qd4+ Kg8 35. Nf4 Rd8 36. Nxd5 cxd5 37. Qxd5 Rxd6 38. cxd6 Qc2 39. Rf1 Qh2+ 40.
Kh4 Rf2 41. d7 Rxf1 42. d8=Q+ Kh7 43. Q8d6 Qf2+ 44. Qg3 Qf6+ 45. g5 Qc3 46.
Qxb7 Qc4+ 47. Qg4 Qc3 48. Qbe4 Qe1+ 49. Qg3 Qe2 50. Qeg4 Qb2 51. Qg2 Rf2 52.
Q2e4 1-0

[Event "4NCL/Div1/MM-SLO1"]
[Site "Birmingham ENG"]
[Date "2002.??.??"]
[Round "10.4"]
[White "Wohl, Aleksandar H"]
[Black "Ledger, David J"]
[Result "1-0"]
[WhiteElo "2388"]
[BlackElo "2283"]
[PlyCount "78"]
[EventDate "2002.??.??"]
[SourceDate "2001.01.01"]

1. e4 e5 2. Nf3 Nc6 3. Bb5 a6 4. Ba4 Nf6 5. O-O Nxe4 6. d4 b5 7. Bb3 d5 8. dxe5
Be6 9. Qe1 Be7 10. c3 O-O 11. Nbd2 Nxd2 12. Bxd2 Qd7 13. Nd4 Nxd4 14. cxd4 f6
15. Bb4 Bxb4 16. Qxb4 a5 17. Qc5 a4 18. Bc2 fxe5 19. dxe5 Rf4 20. Bd3 c6 21.
Rac1 Rc8 22. g3 Bh3 23. Rfe1 Rf3 24. Bf1 Bxf1 25. e6 Qe8 26. Kxf1 Rf6 27. e7
Qh5 28. Qb6 Re8 29. Rxc6 Qxh2 30. Rxf6 Qh1+ 31. Ke2 Qe4+ 32. Kd2 Qb4+ 33. Kd1
gxf6 34. Qxf6 Qc4 35. Re5 Qd3+ 36. Ke1 Qb1+ 37. Ke2 Qc2+ 38. Kf1 h6 39. Qxh6
Qc1+ 1-0

[Event "4NCL/Div1/MM-SLO1"]
[Site "Birmingham ENG"]
[Date "2002.??.??"]
[Round "10.6"]
[White "Thiruchelvam, Thirumurugan"]
[Black "Naylor, John"]
[Result "1/2-1/2"]
[WhiteElo "2269"]
[BlackElo "2229"]
[PlyCount "60"]
[EventDate "2002.??.??"]
[SourceDate "2001.01.01"]

1. e4 e5 2. Nf3 Nc6 3. Bb5 f5 4. Bxc6 dxc6 5. Qe2 fxe4 6. Qxe4 Nf6 7. Qxe5+ Be7
8. Ng5 O-O 9. Ne6 Bd6 10. Qe2 Bxe6 11. Qxe6+ Kh8 12. O-O Nd5 13. d3 Qh4 14. g3
Qh5 15. Qe4 Rae8 16. Qg2 Bc5 17. Nd2 Rxf2 18. Rxf2 Ne3 19. Qf3 Ng4 20. Nf1
Bxf2+ 21. Kg2 Bc5 22. h3 Nf6 23. Be3 Qe5 24. Bxc5 Qxc5 25. c3 Qb5 26. b3 Qa5
27. d4 Qa3 28. Qf2 Ne4 29. Re1 Rf8 30. Qc2 Nf6 1/2-1/2

[Event "4NCL/Div1/MM-SLO1"]
[Site "Birmingham ENG"]
[Date "2002.??.??"]
[Round "10.7"]
[White "Ledger, Stephen C"]
[Black "Tarifa, Alket"]
[Result "1/2-1/2"]
[WhiteElo "2168"]
[BlackElo "2249"]
[PlyCount "80"]
[EventDate "2002.??.??"]
[SourceDate "2001.01.01"]

1. d4 d5 2. Nf3 Bf5 3. Bf4 e6 4. e3 c6 5. Be2 h6 6. O-O Nf6 7. Nbd2 Be7 8. c4
Nbd7 9. h3 O-O 10. Qb3 Qb6 11. c5 Qxb3 12. axb3 Ne4 13. b4 f6 14. Nb3 Bd8 15.
Rfc1 Re8 16. b5 e5 17. Bh2 Bc7 18. Na5 Rab8 19. bxc6 bxc6 20. Nxc6 Rxb2 21. Bd3
Bxh3 22. Bxe4 dxe4 23. gxh3 exf3 24. Rxa7 exd4 25. Rxc7 dxe3 26. Rxd7 Rxf2 27.
Re7 Rg2+ 28. Kh1 Rxe7 29. Nxe7+ Kf7 30. Nf5 e2 31. Nd4 Rf2 32. Nxe2 fxe2 33.
Kg1 Rf5 34. Bg3 Rd5 35. Re1 Rxc5 36. Rxe2 f5 37. Kf2 g5 38. Be5 Kg6 39. Kf3 Rc4
40. Kg2 h5 1/2-1/2

[Event "4NCL/Div1/MM-SLO1"]
[Site "Birmingham ENG"]
[Date "2002.??.??"]
[Round "10.8"]
[White "Richmond, Robert J"]
[Black "Tidman, Sophie"]
[Result "1-0"]
[WhiteElo "2234"]
[BlackElo "2119"]
[PlyCount "73"]
[EventDate "2002.??.??"]
[SourceDate "2001.01.01"]

1. d4 f5 2. c4 Nf6 3. Nc3 g6 4. g3 Bg7 5. Bg2 O-O 6. Nf3 d6 7. O-O c6 8. d5 e5
9. e4 c5 10. exf5 gxf5 11. Qc2 Na6 12. a3 Nc7 13. Bg5 Qe8 14. b4 b6 15. bxc5
bxc5 16. Qa4 Qg6 17. Bd2 Bd7 18. Qa5 Nce8 19. Rab1 Nh5 20. Rb7 Nef6 21. Nh4 Qe8
22. Rfb1 f4 23. Nb5 Bxb5 24. Qxb5 fxg3 25. hxg3 Qc8 26. Qc6 Qg4 27. Qxd6 Ne4
28. Qe6+ Qxe6 29. dxe6 Nxd2 30. Rd1 Nxc4 31. e7 Nxa3 32. exf8=Q+ Rxf8 33. Bf3
Nf6 34. Nf5 Ne8 35. Bd5+ Kh8 36. Nxg7 Nxg7 37. Ra1 1-0

[Event "4NCL/Div1/BG1-WES"]
[Site "Birmingham ENG"]
[Date "2002.??.??"]
[Round "10.3"]
[White "Chandler, Murray G"]
[Black "Corkett, Anthony R"]
[Result "1-0"]
[WhiteElo "2543"]
[BlackElo "2326"]
[PlyCount "165"]
[EventDate "2002.??.??"]
[SourceDate "2001.01.01"]

1. e4 c5 2. Nf3 Nc6 3. Bb5 g6 4. O-O Bg7 5. Re1 e5 6. Bxc6 dxc6 7. d3 b6 8.
Nbd2 Nh6 9. Nc4 f6 10. Be3 O-O 11. a4 Qe7 12. h3 Be6 13. a5 Bxc4 14. dxc4 Rfd8
15. Qe2 Nf7 16. Ra3 Rab8 17. Rea1 Bh6 18. axb6 axb6 19. Bxh6 Nxh6 20. Ne1 Nf7
21. h4 Rd7 22. Ra6 Nd8 23. g3 Ne6 24. c3 Kg7 25. Ng2 Nd8 26. Ne3 Qe6 27. Kg2
Nf7 28. b3 Rbb7 29. Ra8 Rd8 30. Rxd8 Nxd8 31. b4 cxb4 32. cxb4 b5 33. cxb5 Rxb5
34. Qd2 Qe7 35. Ra8 Nf7 36. Nc2 Qb7 37. Ra5 Rb6 38. Qd3 Qe7 39. Qc3 Qd7 40. Qc5
Rb7 41. Ra8 Qd6 42. Rc8 f5 43. Rxc6 Qd3 44. exf5 gxf5 45. Ne3 f4 46. Qd5 Qxd5+
47. Nxd5 fxg3 48. Kxg3 Rd7 49. Ne3 Rd3 50. Kg2 Kf8 51. Nf5 Ke8 52. b5 Rb3 53.
Re6+ Kf8 54. b6 Nd8 55. Rh6 Nf7 56. Rf6 Ke8 57. Re6+ Kf8 58. Rc6 Nd8 59. Rf6+
Ke8 60. h5 Kd7 61. Rd6+ Ke8 62. Rh6 Nf7 63. Re6+ Kf8 64. Rc6 Ke8 65. Re6+ Kf8
66. Kf1 Nd8 67. Rd6 Ke8 68. Ke2 Nf7 69. Re6+ Kf8 70. Rf6 Ke8 71. Nd6+ Nxd6 72.
Rxd6 Ke7 73. Rh6 Kf8 74. Kd2 Kg7 75. Rc6 e4 76. Kc2 Rb5 77. h6+ Kf7 78. Kc3 Rf5
79. Kd4 Rxf2 80. Kxe4 Rd2 81. Ke5 Rd1 82. Rd6 Re1+ 83. Kd5 1-0

[Event "4NCL/Div1/BG1-WES"]
[Site "Birmingham ENG"]
[Date "2002.??.??"]
[Round "10.4"]
[White "Yeo, Michael J"]
[Black "Hebden, Mark L"]
[Result "0-1"]
[WhiteElo "2206"]
[BlackElo "2537"]
[PlyCount "100"]
[EventDate "2002.??.??"]
[SourceDate "2001.01.01"]

1. e4 e5 2. Nc3 Nf6 3. Nf3 Nc6 4. Bb5 Nd4 5. Nxe5 Qe7 6. f4 Nxb5 7. Nxb5 d6 8.
Nf3 Qxe4+ 9. Kf2 Qc4 10. Re1+ Be6 11. a4 Kd7 12. d4 Bg4 13. Re3 c6 14. b3 Bxf3
15. Rxf3 Qd5 16. Nc3 Qf5 17. h3 h5 18. d5 c5 19. Qd3 Qxd3 20. Rxd3 h4 21. Ne2
Re8 22. c4 Be7 23. Nc3 Nh5 24. Ne4 Bf6 25. Nxf6+ Nxf6 26. Bb2 Ne4+ 27. Kf3 f5
28. Bc3 Rhg8 29. Be1 g5 30. fxg5 Nxg5+ 31. Kf2 f4 32. Kf1 Rh8 33. Bc3 Rh5 34.
Re1 Ne4 35. Rf3 Rg5 36. Rc1 Rg3 37. Be1 Rxf3+ 38. gxf3 Ng3+ 39. Bxg3 hxg3 40.
Rc3 Ke7 41. Kg2 Kf6 42. Rc2 Kg5 43. b4 cxb4 44. c5 dxc5 45. Rxc5 Re2+ 46. Kf1
Rf2+ 47. Kg1 b3 48. d6+ Kf6 49. Rd5 b2 50. Rd1 Rd2 0-1

[Event "4NCL/Div1/BG1-WES"]
[Site "Birmingham ENG"]
[Date "2002.??.??"]
[Round "10.6"]
[White "Neil, David R"]
[Black "Summerscale, Aaron"]
[Result "0-1"]
[WhiteElo "2222"]
[BlackElo "2503"]
[PlyCount "83"]
[EventDate "2002.??.??"]
[SourceDate "2001.01.01"]

1. e4 e6 2. d4 d5 3. Nd2 c5 4. exd5 exd5 5. Ngf3 Nf6 6. Bb5+ Bd7 7. Bxd7+ Nbxd7
8. O-O Be7 9. dxc5 Nxc5 10. Re1 O-O 11. Nf1 Re8 12. Be3 Qd7 13. Bd4 b5 14. Ne3
Nce4 15. Qd3 Rad8 16. Rad1 Qb7 17. Ne5 Bf8 18. N5g4 Nd7 19. Nf5 h5 20. Nge3 g6
21. Ng3 Ndc5 22. Qe2 Re6 23. Nxe4 dxe4 24. Bxc5 Rxd1 25. Rxd1 Bxc5 26. Rd8+ Kg7
27. Qd2 Qc7 28. Rd5 Bd6 29. Rxb5 Bxh2+ 30. Kh1 Be5 31. c4 Qe7 32. b4 Qf6 33. a4
Bf4 34. Rd5 Qh4+ 35. Kg1 Qh2+ 36. Kf1 Rf6 37. Ke2 Bxe3 38. Qxe3 Qxg2 39. c5 h4
40. b5 h3 41. Rg5 Qf3+ 42. Qxf3 0-1

[Event "4NCL/Div1/BG1-WES"]
[Site "Birmingham ENG"]
[Date "2002.??.??"]
[Round "10.7"]
[White "Gallagher, Joseph G"]
[Black "Pleasants, Allan J"]
[Result "1-0"]
[WhiteElo "2498"]
[BlackElo "1944"]
[PlyCount "101"]
[EventDate "2002.??.??"]
[SourceDate "2001.01.01"]

1. e4 g6 2. d4 Bg7 3. Nc3 d6 4. f4 c6 5. Nf3 Bg4 6. Be3 Qb6 7. Qd2 Bxf3 8. gxf3
e6 9. O-O-O d5 10. f5 exf5 11. exd5 Nf6 12. dxc6 bxc6 13. d5 Qa5 14. dxc6 O-O
15. Qd6 Rc8 16. Qc5 Nxc6 17. Qxa5 Nxa5 18. Ba6 Rc6 19. Bb5 Re6 20. Bf2 a6 21.
Bd3 Rc8 22. Rhe1 Rec6 23. Re2 Rb8 24. Rde1 Nc4 25. Bxc4 Rxc4 26. Nd1 Kf8 27. b3
Rc6 28. Bg3 Rbc8 29. Be5 Bh6+ 30. Kb2 Nd5 31. c4 Nf4 32. Bxf4 Bxf4 33. Nc3 Rd6
34. Nd5 Bg5 35. Rc2 Re6 36. Rd1 Be3 37. b4 f4 38. Kb3 a5 39. a3 axb4 40. axb4
Ra6 41. c5 Rca8 42. Kc4 Ra3 43. Rc3 Ra2 44. Nxe3 fxe3 45. Rxe3 Rc2+ 46. Rc3
Rxh2 47. c6 Rc8 48. b5 h5 49. Kc5 Rb2 50. b6 h4 51. c7 1-0

[Event "4NCL/Div1/BG1-WES"]
[Site "Birmingham ENG"]
[Date "2002.??.??"]
[Round "10.8"]
[White "Howard, Emily"]
[Black "Richards, Heather S"]
[Result "0-1"]
[WhiteElo "2017"]
[BlackElo "2252"]
[PlyCount "70"]
[EventDate "2002.??.??"]
[SourceDate "2001.01.01"]

1. e4 e6 2. d4 d5 3. Nc3 Bb4 4. Nge2 dxe4 5. a3 Be7 6. Nxe4 Nc6 7. Be3 Nf6 8.
N2g3 b6 9. c3 Bb7 10. Nxf6+ Bxf6 11. Bb5 O-O 12. Qh5 g6 13. Qe2 e5 14. dxe5
Bxe5 15. O-O a6 16. Bc4 Re8 17. Rad1 Qh4 18. f4 Bd6 19. f5 Rxe3 20. Bxf7+ Kf8
21. Qxe3 Bc5 22. Qxc5+ bxc5 23. fxg6 hxg6 24. Bxg6+ Kg8 25. Bf7+ Kh8 26. Rf5
Qg4 27. Rdf1 Ne7 28. Bh5 Qg7 29. Rf7 Qe5 30. Bg4 Rd8 31. Nh5 Bd5 32. R7f6 Qe3+
33. Kh1 Rg8 34. h3 Rxg4 35. hxg4 Qh3+ 0-1

[Event "4NCL/Div2/BAR3 vs. PPA1"]
[Site "Birmingham ENG"]
[Date "2001.09.22"]
[Round "1.1"]
[White "Mack, Andrew"]
[Black "Waddington, Michael"]
[Result "1/2-1/2"]
[WhiteElo "2269"]
[BlackElo "2353"]
[PlyCount "41"]
[EventDate "2001.09.22"]
[SourceDate "2001.01.01"]

1. e4 e6 2. d4 d5 3. Nc3 dxe4 4. Nxe4 Bd7 5. Bd3 Bc6 6. Nf3 Nd7 7. O-O Ngf6 8.
Qe2 Be7 9. c3 O-O 10. Re1 Nxe4 11. Bxe4 Bxe4 12. Qxe4 c6 13. Bd2 Nf6 14. Qe2
Re8 15. Rad1 Qa5 16. a3 Qb5 17. Bg5 Qxe2 18. Rxe2 Rad8 19. h3 h6 20. Bh4 Nh5
21. Bxe7 1/2-1/2

[Event "4NCL/Div2/BAR3 vs. PPA1"]
[Site "Birmingham ENG"]
[Date "2001.09.22"]
[Round "1.2"]
[White "Swanson, Stephen"]
[Black "Tucker, Alex E"]
[Result "1-0"]
[WhiteElo "2277"]
[BlackElo "2215"]
[PlyCount "115"]
[EventDate "2001.09.22"]
[SourceDate "2001.01.01"]

1. e4 c5 2. Nf3 d6 3. d4 cxd4 4. Qxd4 Bd7 5. c4 Nc6 6. Qd2 g6 7. b3 Bg7 8. Bb2
Bxb2 9. Qxb2 Nf6 10. Nbd2 Bg4 11. Nd4 Nxd4 12. Qxd4 O-O 13. h3 Bd7 14. g3 Qa5
15. Bg2 Rac8 16. O-O b5 17. Rfe1 bxc4 18. Nxc4 Qc5 19. Qxc5 Rxc5 20. e5 dxe5
21. Nxe5 Rc7 22. b4 Ba4 23. a3 Rfc8 24. Nd3 e6 25. Nc5 Bc6 26. Bf1 Nd7 27. Na6
Rb7 28. Rac1 Nb6 29. Rc5 Bd5 30. Rxc8+ Nxc8 31. a4 Nb6 32. Nc5 Rc7 33. a5 Nd7
34. Nxd7 Rxd7 35. b5 Kf8 36. f4 Ke7 37. Kf2 Kd6 38. Rc1 Rb7 39. Ke3 Rc7 40.
Rxc7 Kxc7 41. h4 Kd6 42. g4 Kc5 43. g5 Bb3 44. Ke4 Ba4 45. b6 axb6 46. axb6
Kxb6 47. Ke5 Kc5 48. Be2 Bb3 49. h5 gxh5 50. Bxh5 Kc6 51. Bxf7 Kd7 52. f5 Ke7
53. Bxe6 Ba4 54. Bg8 h5 55. gxh6 Kf8 56. Bd5 Bd7 57. Kf6 Bc8 58. h7 1-0

[Event "4NCL/Div2/BAR3 vs. PPA1"]
[Site "Birmingham ENG"]
[Date "2001.09.22"]
[Round "1.3"]
[White "Taylor, Peter"]
[Black "Harley, Andrew"]
[Result "1/2-1/2"]
[WhiteElo "2210"]
[BlackElo "2283"]
[PlyCount "51"]
[EventDate "2001.09.22"]
[SourceDate "2001.01.01"]

1. c4 Nf6 2. g3 c5 3. Bg2 d5 4. cxd5 Nxd5 5. Nc3 Nc7 6. Nf3 Nc6 7. O-O e5 8.
Ne1 Bg4 9. Qa4 Qd7 10. Nd3 f6 11. f4 Bxe2 12. Bxc6 bxc6 13. Nxe5 fxe5 14. Nxe2
Bd6 15. fxe5 Bxe5 16. Qe4 Qd5 17. Qxd5 cxd5 18. d4 cxd4 19. Bf4 Bxf4 20. Nxf4
O-O 21. Rfd1 Rab8 22. b3 Nb5 23. Ne6 Rfe8 24. Nxd4 Nxd4 25. Rxd4 Re2 26. Rxd5
1/2-1/2

[Event "4NCL/Div2/BAR3 vs. PPA1"]
[Site "Birmingham ENG"]
[Date "2001.09.22"]
[Round "1.4"]
[White "Moore, Gerald"]
[Black "D'Costa, Lorin"]
[Result "0-1"]
[WhiteElo "2194"]
[BlackElo "2155"]
[PlyCount "68"]
[EventDate "2001.09.22"]
[SourceDate "2001.01.01"]

1. e4 c5 2. Nf3 Nc6 3. d3 e6 4. g3 d5 5. Nbd2 Nf6 6. Bg2 Be7 7. O-O b5 8. exd5
exd5 9. d4 c4 10. Re1 Be6 11. Nf1 h6 12. Ne3 O-O 13. Ne5 Qb6 14. Nxc6 Qxc6 15.
c3 Rfe8 16. Bd2 Rab8 17. Qc2 Bf8 18. f4 a5 19. f5 Bd7 20. Re2 b4 21. Rae1 Qb5
22. Bf3 Bc6 23. g4 bxc3 24. Bxc3 Bd6 25. Kg2 a4 26. h4 Bf4 27. a3 Ne4 28. Nxd5
Bg3 29. Rxe4 Bxe1 30. Nc7 Bxe4 31. Bxe4 Qb3 32. Nxe8 Bxc3 33. bxc3 Qxc2+ 34.
Bxc2 Rb2 0-1

[Event "4NCL/Div2/BAR3 vs. PPA1"]
[Site "Birmingham ENG"]
[Date "2001.09.22"]
[Round "1.5"]
[White "Rich, Mark"]
[Black "Rosen, Daniel B"]
[Result "1-0"]
[WhiteElo "2170"]
[BlackElo "2230"]
[PlyCount "65"]
[EventDate "2001.09.22"]
[SourceDate "2001.01.01"]

1. e4 g6 2. d4 Bg7 3. Nc3 d6 4. Be3 c6 5. Qd2 Nd7 6. O-O-O b5 7. Bd3 Nb6 8. h3
b4 9. Nce2 a5 10. Nf3 Ba6 11. Rhe1 Bxd3 12. Qxd3 Nf6 13. e5 dxe5 14. dxe5 Qxd3
15. Rxd3 Nfd5 16. Bxb6 Nxb6 17. Ned4 Rc8 18. Nb3 a4 19. Nc5 e6 20. Nd2 O-O 21.
Re4 Nd5 22. f4 Ra8 23. a3 Rfb8 24. axb4 Nxb4 25. Ra3 Ra5 26. Rc4 Bh6 27. g3 g5
28. Nd7 Rb7 29. Nf6+ Kh8 30. Nde4 gxf4 31. Nd6 fxg3+ 32. Kd1 Rxe5 33. Rxg3 1-0

[Event "4NCL/Div2/BAR3 vs. PPA1"]
[Site "Birmingham ENG"]
[Date "2001.09.22"]
[Round "1.6"]
[White "Byway, Paul"]
[Black "Galloway, Iain"]
[Result "1/2-1/2"]
[WhiteElo "2229"]
[BlackElo "2135"]
[PlyCount "69"]
[EventDate "2001.09.22"]
[SourceDate "2001.01.01"]

1. d4 d5 2. Nf3 Nf6 3. Bf4 c5 4. c3 Nc6 5. e3 e6 6. Nbd2 Be7 7. Bd3 O-O 8. Ne5
Nxe5 9. Bxe5 Nd7 10. Bg3 f5 11. O-O Qe8 12. Be5 Nxe5 13. dxe5 Bd7 14. f4 Bc6
15. Qe2 b5 16. a3 a5 17. Nf3 Qd7 18. Qd2 b4 19. c4 Rfd8 20. Qc2 Qb7 21. Rf2 d4
22. Re1 b3 23. Qe2 dxe3 24. Qxe3 Rd7 25. Be2 a4 26. Rd1 Rad8 27. Rff1 h6 28.
Rxd7 Rxd7 29. Rd1 Kf7 30. Ne1 g5 31. Rxd7 Qxd7 32. Nd3 Be4 33. g3 g4 34. Kf2
Qc6 35. Ne1 1/2-1/2

[Event "4NCL/Div2/BAR3 vs. PPA1"]
[Site "Birmingham ENG"]
[Date "2001.09.22"]
[Round "1.7"]
[White "Kieran, Rosalind"]
[Black "Hansen, Hans-Peter"]
[Result "0-1"]
[WhiteElo "2083"]
[BlackElo "2144"]
[PlyCount "92"]
[EventDate "2001.09.22"]
[SourceDate "2001.01.01"]

1. e4 c5 2. Nf3 d6 3. d4 cxd4 4. Nxd4 Nf6 5. Nc3 a6 6. Be3 e5 7. Nb3 Be6 8. f3
Nbd7 9. Qd2 b5 10. O-O-O b4 11. Na4 a5 12. g4 h6 13. h4 Qc7 14. Bb5 Rb8 15. Qe2
Be7 16. Kb1 Kf8 17. g5 Nh5 18. gxh6 g6 19. Qd3 Kg8 20. Rdg1 Kh7 21. Nd2 Rhc8
22. Ba6 Rd8 23. Bc4 Qc6 24. Bb3 Nc5 25. Nxc5 dxc5 26. Qf1 a4 27. Bc4 Bf8 28.
Bd3 Bxh6 29. Bxh6 Kxh6 30. Rg5 f6 31. Rgg1 Nf4 32. Nc4 Bxc4 33. Bxc4 Rd4 34.
Rg4 Rbd8 35. Rhg1 Qd7 36. Bd5 c4 37. Qf2 Qa7 38. Qg3 Qg7 39. Qf2 Qa7 40. Rc1 c3
41. Qg3 Kh7 42. Rxf4 exf4 43. Qxf4 R8xd5 44. Qxf6 Rd1 45. Qf4 Rxc1+ 46. Qxc1
Rd2 0-1

[Event "4NCL/Div2/BAR3 vs. PPA1"]
[Site "Birmingham ENG"]
[Date "2001.09.22"]
[Round "1.8"]
[White "Connolly, Suzanne"]
[Black "Flower, David"]
[Result "1/2-1/2"]
[WhiteElo "2083"]
[BlackElo "2089"]
[PlyCount "118"]
[EventDate "2001.09.22"]
[SourceDate "2001.01.01"]

1. e4 g6 2. d4 d6 3. Nf3 Bg7 4. Nc3 c6 5. Be2 b5 6. a3 Nd7 7. O-O a5 8. Be3 Ba6
9. Qd2 Ngf6 10. e5 Ng4 11. exd6 Nxe3 12. Qxe3 Nf6 13. Qxe7+ Qxe7 14. dxe7 Ra7
15. Ne5 Rc7 16. Rfe1 Nd7 17. Bf3 Nxe5 18. dxe5 Kxe7 19. Rad1 Re8 20. Ne4 h5 21.
Nf6 Rb8 22. Rd6 Bb7 23. Red1 Bh6 24. g3 Ba8 25. Bg2 Bg5 26. f4 Bxf6 27. Rxf6 c5
28. Rfd6 Bxg2 29. Kxg2 a4 30. Ra6 Rbb7 31. Kf3 Ra7 32. Rxa7 Rxa7 33. Rd5 Rc7
34. c3 Rc6 35. Ke3 b4 36. cxb4 cxb4 37. axb4 Rc2 38. Rd2 Rc4 39. Rd4 Rc2 40.
Rd2 Rc4 41. b5 Rb4 42. Rd4 Rxb2 43. Rxa4 Rxb5 44. Rd4 Rb1 45. Rd2 Ra1 46. Kf3
Rf1+ 47. Kg2 Ra1 48. h3 Ra4 49. Rf2 Ke6 50. Rd2 Ke7 51. Rd3 Ra2+ 52. Kf3 Ra6
53. g4 hxg4+ 54. Kxg4 f6 55. Re3 Kf7 56. h4 Ke6 57. exf6+ Kxf6 58. Rc3 Ra1 59.
Rc6+ Kg7 1/2-1/2

[Event "4NCL/Div2/W&S vs. ATH"]
[Site "Birmingham ENG"]
[Date "2001.09.22"]
[Round "1.1"]
[White "Lappage, Jonathan"]
[Black "Spreeuw, Jaap"]
[Result "1/2-1/2"]
[WhiteElo "2208"]
[BlackElo "2316"]
[PlyCount "41"]
[EventDate "2001.09.22"]
[SourceDate "2001.01.01"]

1. e4 c5 2. Nc3 Nc6 3. f4 g6 4. Nf3 Bg7 5. Bb5 Nd4 6. O-O Nxb5 7. Nxb5 d6 8. a4
Nf6 9. d3 O-O 10. Qe1 Bd7 11. Nc3 e6 12. e5 Ne8 13. Ne4 Bc6 14. exd6 b6 15. Ne5
Bxe4 16. dxe4 Nxd6 17. Qe2 Qc7 18. Nf3 Qc6 19. e5 Nf5 20. b3 Rfd8 21. Bb2
1/2-1/2

[Event "4NCL/Div2/W&S vs. ATH"]
[Site "Birmingham ENG"]
[Date "2001.09.22"]
[Round "1.2"]
[White "Wade, Robert G"]
[Black "Headlong, Timothy"]
[Result "1-0"]
[WhiteElo "2220"]
[BlackElo "2244"]
[PlyCount "83"]
[EventDate "2001.09.22"]
[SourceDate "2001.01.01"]

1. d4 d5 2. Nc3 c6 3. e4 dxe4 4. Nxe4 Nd7 5. Nf3 Ngf6 6. Ng3 c5 7. d5 Nb6 8. c4
e6 9. Qe2 Be7 10. dxe6 Bxe6 11. Qc2 Qc7 12. Bd3 Bg4 13. Be2 O-O-O 14. a4 Rhe8
15. O-O Nbd7 16. Ng5 Bxe2 17. Qxe2 Bd6 18. Qf3 Ne5 19. Qf5+ Kb8 20. b3 h6 21.
Nf3 Nxf3+ 22. Qxf3 Be5 23. Ra2 Qc6 24. Qxc6 bxc6 25. Be3 Rd3 26. Rb1 Nd7 27.
Kf1 Bxg3 28. hxg3 g5 29. Ke2 Rd6 30. Rd2 Ree6 31. Rxd6 Rxd6 32. f4 g4 33. b4
Kc7 34. bxc5 Re6 35. Kd3 f5 36. a5 a6 37. Rh1 Kd8 38. Bd4 Ke7 39. Rh5 Rg6 40.
Rxf5 Ke6 41. Rh5 Kf7 42. f5 1-0

[Event "4NCL/Div2/W&S vs. ATH"]
[Site "Birmingham ENG"]
[Date "2001.09.22"]
[Round "1.3"]
[White "Haydon, Richard"]
[Black "Quinn, John M"]
[Result "1/2-1/2"]
[WhiteElo "2191"]
[BlackElo "2189"]
[PlyCount "87"]
[EventDate "2001.09.22"]
[SourceDate "2001.01.01"]

1. g3 c5 2. Bg2 Nc6 3. Nf3 Nf6 4. O-O g6 5. c4 Bg7 6. Nc3 O-O 7. d4 d6 8. dxc5
dxc5 9. Bf4 Be6 10. Qa4 Qb6 11. Qb5 Qxb5 12. cxb5 Nd4 13. Ne5 Rad8 14. Bxb7 Nd5
15. Bxd5 Bxd5 16. Nd3 Bc4 17. Nxc5 Nxe2+ 18. Nxe2 Bxe2 19. Rfe1 Bxb5 20. Rxe7
Rd5 21. Be3 Rfd8 22. Rxa7 Bxb2 23. Rb1 Rd1+ 24. Rxd1 Rxd1+ 25. Kg2 Bc6+ 26. f3
Re1 27. Bh6 Re2+ 28. Kf1 Bxf3 29. Ra8+ Bxa8 30. Kxe2 Ba3 31. Nd3 Bd5 32. Bc1
Bd6 33. a4 Kf8 34. Ke3 Ke7 35. Kd4 Bb7 36. Bd2 h5 37. Bb4 g5 38. Bxd6+ Kxd6 39.
Ne5 f6 40. Nc4+ Kc7 41. Kc5 f5 42. Ne5 f4 43. gxf4 gxf4 44. Nd3 1/2-1/2

[Event "4NCL/Div2/W&S vs. ATH"]
[Site "Birmingham ENG"]
[Date "2001.09.22"]
[Round "1.4"]
[White "Spivack, Simon"]
[Black "Rose, Matthew"]
[Result "1/2-1/2"]
[WhiteElo "2159"]
[BlackElo "2173"]
[PlyCount "85"]
[EventDate "2001.09.22"]
[SourceDate "2001.01.01"]

1. e4 c5 2. Nf3 d6 3. Bb5+ Nd7 4. d4 Ngf6 5. Nc3 a6 6. Bxd7+ Nxd7 7. O-O e6 8.
Bg5 Qc7 9. Re1 cxd4 10. Qxd4 Ne5 11. Rad1 f6 12. Bc1 Bd7 13. Nd2 Be7 14. f4 Nc6
15. Qf2 O-O 16. Nc4 Rad8 17. Be3 Na7 18. Nxd6 Bxd6 19. Bb6 Qc6 20. Bxa7 Bb4 21.
Bb6 Rc8 22. Rd3 Bxc3 23. Rxc3 Qa4 24. Bc5 Rfe8 25. Qd4 Qxd4+ 26. Bxd4 Rxc3 27.
Bxc3 Bc6 28. Kf2 Rd8 29. Ke3 Ba4 30. Re2 Kf7 31. b3 Bb5 32. Re1 Rc8 33. Kd2
Rd8+ 34. Kc1 h5 35. Ba5 Rd7 36. a4 Bc6 37. Bb6 f5 38. exf5 exf5 39. g3 Re7 40.
Re5 Rxe5 41. fxe5 Ke6 42. Bc7 g5 43. Bd8 1/2-1/2

[Event "4NCL/Div2/W&S vs. ATH"]
[Site "Birmingham ENG"]
[Date "2001.09.22"]
[Round "1.5"]
[White "Dickinson, Tim R"]
[Black "Stevenson, James A.B"]
[Result "1-0"]
[WhiteElo "2140"]
[BlackElo "2132"]
[PlyCount "127"]
[EventDate "2001.09.22"]
[SourceDate "2001.01.01"]

1. e4 Nf6 2. Nc3 d5 3. exd5 Nxd5 4. Bc4 Nxc3 5. Qf3 e6 6. dxc3 Nc6 7. Bf4 Bd6
8. O-O-O O-O 9. Kb1 e5 10. Bc1 Qh4 11. Bb5 e4 12. Qe2 Re8 13. Nf3 Qh5 14. h3
Bd7 15. Nd4 Qxe2 16. Bxe2 a6 17. Be3 Ne7 18. Nb3 Nf5 19. Bc5 Bxc5 20. Nxc5 Bc6
21. Bg4 Nd6 22. Bd7 Bxd7 23. Nxd7 e3 24. fxe3 Rxe3 25. Nb6 cxb6 26. Rxd6 Rae8
27. Rhd1 f5 28. b4 b5 29. Kb2 R8e7 30. Kb3 Rg3 31. R1d2 Kf7 32. R6d3 Rg6 33. c4
bxc4+ 34. Kxc4 Rc6+ 35. Kb3 g5 36. c4 h5 37. b5 Rce6 38. a4 f4 39. c5 axb5 40.
axb5 g4 41. Rd4 Rf6 42. hxg4 hxg4 43. Rf2 Re3+ 44. Kc4 g3 45. Rfxf4 Rxf4 46.
Rxf4+ Ke6 47. Rg4 Kd7 48. Rg7+ Kc8 49. Kb4 b6 50. c6 Re4+ 51. Kc3 Re3+ 52. Kd4
Rb3 53. Kc4 Re3 54. Rb7 Re2 55. Rxb6 Rxg2 56. Ra6 Rc2+ 57. Kd5 g2 58. b6 Kd8
59. Ra8+ Ke7 60. Rg8 Rd2+ 61. Ke4 Kd6 62. Rg6+ Ke7 63. b7 Rb2 64. c7 1-0

[Event "4NCL/Div2/W&S vs. ATH"]
[Site "Birmingham ENG"]
[Date "2001.09.22"]
[Round "1.6"]
[White "Milligan, Helen"]
[Black "Bourne, Johnathan D"]
[Result "1-0"]
[WhiteElo "2095"]
[BlackElo "2008"]
[PlyCount "101"]
[EventDate "2001.09.22"]
[SourceDate "2001.01.01"]

1. e4 c5 2. Nf3 Nc6 3. d4 cxd4 4. Nxd4 e5 5. Nb5 d6 6. c4 Be6 7. N1c3 a6 8. Na3
Nge7 9. Nc2 Rc8 10. Be2 Na5 11. b3 b5 12. Nd5 bxc4 13. b4 Bxd5 14. exd5 Nb7 15.
Ne3 Qb6 16. Rb1 c3 17. Qa4+ Kd8 18. Qxa6 Qxa6 19. Bxa6 Rb8 20. Rb3 f5 21. O-O
f4 22. Nc4 Nxd5 23. Rd1 Nc7 24. Bxb7 Rxb7 25. Nxe5 Ke8 26. Nc6 Rb6 27. Rxc3 g5
28. a4 Bg7 29. Rc2 Kd7 30. b5 Ra8 31. Rc4 Bf6 32. g3 fxg3 33. hxg3 h5 34. Be3
Rb7 35. Kg2 Ke6 36. Nd4+ Kd7 37. Nf5 Ne8 38. Rh1 d5 39. Rb4 h4 40. gxh4 gxh4
41. Rd1 Ke6 42. Nd4+ Kf7 43. Nc6 Ke6 44. a5 Nd6 45. b6 Nc4 46. Bf4 Nxa5 47.
Nxa5 Rxa5 48. Rc1 Ra6 49. Rc6+ Kf5 50. Bc7 Ra5 51. Rf4+ 1-0